[Event "11. OSEM 2017"]
[Site "Büsum"]
[Date "2017.09.11"]
[Round "4.54"]
[White "Jürgens, Peter"]
[Black "Garms, Ilse"]
[Result "1-0"]
[BlackElo "1759"]
[BlackTeam "ESV Eberswalde"]
[WhiteElo "1893"]
[WhiteTeam "SC Tempo Göttingen"]

1. d4 d5 2. Bf4 e6 3. e3 Nf6 4. Nf3 Bd6 5. Bg3 a6 6. Nbd2 O-O  7. Bd3 b6 8.
c3 Bb7 9. Bh4 Be7 10. O-O  Nbd7 11. Qb1 h6 12. e4 dxe4 13. Nxe4 Nxe4 14.
Bxe7 Qxe7 15. Bxe4 Bxe4 16. Qxe4 Nf6 17. Qe2 Rfd8 18. Rfd1 c6 19. Ne5 Qc7 20.
Rd2 c5 21. Rad1 cxd4 22. Rxd4 Rxd4 23. Rxd4 b5 24. g3 Rd8 25. Rxd8+ Qxd8 26. c4
bxc4 27. Nxc4 Qc7 28. b3 Qc5 29. h3 Nd5 30. Qe5 Qc7 31. Qe1 Qc5 32. Ne3 Nf6 33.
Qe2 Qc6 34. Nc4 Nd5 35. Qd2 f6 36. Ne3 Kf7 37. Nc4 Qc5 38. Qc2 Qc7 39. Qd2 Qc5
40. Ne3 Qc3 41. Qe2 Qc6 42. Nc4 Qc7 43. Qd2 Qc5 44. a3 Ke7 45. Qd3 Kd7 46. b4
Qc6 47. a4 Kc7 48. Qb3 Qb7 49. b5 axb5 50. axb5 Nb6 51. Qb4 Nxc4 52. Qxc4+ Kb6
53. Qxe6+ Kxb5 54. Qf5+ Kc6 55. Qe6+ Kc7 56. h4 Kd8 57. Qg8+ Kc7 58. Qxg7+ Kb6
59. Qxf6+ Qc6 60. Qxc6+ Kxc6 61. Kg2 Kd5 62. Kf3 Ke5 63. g4 Kf6 64. Ke4 Kg6 65.
Ke5  1-0

[Event "11. OSEM 2017"]
[Site "Büsum"]
[Date "2017.09.11"]
[Round "4.55"]
[White "Scholz, Herbert, Dr."]
[Black "Weck, Uwe"]
[Result "1-0"]
[BlackElo "1591"]
[BlackTeam "SK Kaltenkirchen"]
[WhiteElo "1873"]
[WhiteTeam "PSV Neustadt"]

1. b3 c5 2. Bb2 Nc6 3. Nf3 e6 4. e4 Nf6 5. e5 Nd5 6. c4 Nf4 7. g3 Ng6 8. Bg2 Qc7
9. Qe2 Be7 10. Na3 a6 11. Nc2 Rb8 12. h4 f6 13. exf6 Bxf6 14. Bxf6 gxf6 15.
O-O-O b5 16. d4 bxc4 17. Qxc4 Na5 18. Qxc5 Qxc5 19. dxc5 Ke7 20. h5 Ne5 21.
Nxe5 fxe5 22. Rhe1 Rf8 23. Rd2 Bb7 24. Bxb7 Rxb7 25. Rxe5 Nc6 26. Rg5 Rf3 27.
Rg7+ Rf7 28. Rxf7+ Kxf7 29. f4 a5 30. Kb2 Ke7 31. Kc3 Kf6 32. g4 Ne7 33. Ne3 h6
34. a3 Rc7 35. b4 axb4+ 36. axb4 d5 37. Kb3 Rb7 38. Nc2 Nc6 39. Kc3 Rb5 40. Nd4
Nxd4 41. Rxd4 e5 42. Rxd5 exf4  1-0

[Event "11. OSEM 2017"]
[Site "Büsum"]
[Date "2017.09.11"]
[Round "4.56"]
[White "Stratmann, Alois"]
[Black "Mentink, Toon"]
[Result "0-1"]
[BlackElo "1946"]
[BlackTeam "Stukkenjagers"]
[WhiteElo "1580"]
[WhiteTeam "SV Ahlen"]

1. d4 Nf6 2. Nf3 c5 3. e3 b6 4. Bd3 d5 5. c3 Bd7 6. Nbd2 Nc6 7. O-O  e6 8.
Re1 Be7 9. Bb5 Ne4 10. Bxc6 Bxc6 11. Ne5 Qc7 12. Nxc6 Qxc6 13. Nf3 Bf6 14. h3
O-O  15. Qe2 Rac8 16. Nd2 Nxd2 17. Bxd2 b5 18. Rac1 Qb6 19. Rb1  Rfe8
20. e4 dxe4 21. Qxe4 cxd4 22. cxd4 Bxd4 23. Be3 Bxe3 24. Rxe3 Rc4 25. Qf3 Rec8
26. Re2 Qd6 27. g3 h6 28. Rbe1 Rc1 29. Re3 Qd2 30. Kf1 Qxb2 31. Qb7 Qxa2  0-1

[Event "11. OSEM 2017"]
[Site "Büsum"]
[Date "2017.09.11"]
[Round "4.57"]
[White "Harke, Horst"]
[Black "Erhart, Uwe"]
[Result "0-1"]
[BlackElo "2035"]
[BlackTeam "Raisdorfer SG"]
[WhiteElo "1810"]
[WhiteTeam "SK Varel"]

1. d4 Nf6 2. c4 e6 3. Nc3 d5 4. e3 Be7 5. Nf3 c6 6. Be2 O-O  7. O-O 
Nbd7 8. a3 dxc4 9. Bxc4 Nb6 10. Be2 Nbd5 11. e4 Nxc3 12. bxc3 Nxe4 13. Qc2 Nf6
14. Bd3 h6 15. h3 Qc7 16. Re1 c5 17. Qe2 b6 18. Be4 Bb7 19. Bxb7 Qxb7 20. dxc5
Bxc5 21. c4 Rfd8 22. Bb2 Ne8 23. Rad1 Be7 24. Rxd8 Rxd8 25. Ne5 Bf6 26. f4 Bxe5
27. Bxe5 Qd7 28. Qe4 Rc8 29. Re3 Qc6 30. Qxc6 Rxc6 31. Rd3 f6 32. Bb8 a5 33.
Rb3 Nd6 34. Bxd6 Rxd6 35. g3 Rc6 36. Kf2 Kf7 37. Kf3 Rxc4 38. Ke3 a4 39. Rxb6
Rc3+ 40. Kf2 Rxa3 41. h4 Rb3 42. Ra6 a3 43. g4 Rb2+ 44. Ke3 a2  0-1

[Event "11. OSEM 2017"]
[Site "Büsum"]
[Date "2017.09.11"]
[Round "4.58"]
[White "Dachrodt, Heinz-Günther"]
[Black "Hellwege, Werner"]
[Result "0-1"]
[BlackElo "1929"]
[BlackTeam "HSK LTu"]
[WhiteElo "1734"]
[WhiteTeam "Sport Union Annen"]

1. e4 c5 2. Nf3 d6 3. Bb5+ Nd7 4. O-O  a6 5. Bxd7+ Bxd7 6. d4 cxd4 7. Nxd4
Nf6 8. Re1 g6 9. Nf3 Bg7 10. e5 dxe5 11. Nxe5 Bf5 12. Qxd8+ Rxd8 13. c3 Nd5 14.
Nf3 O-O  15. Be3 Nxe3 16. Rxe3 Rfe8 17. Nbd2 Bh6 18. Re2 Bd3 19. Ree1 f5
20. Nb3 Bg7 21. Nc5 e5 22. Nxb7 Rd5 23. b4 e4 24. Nd4 Bxd4 25. cxd4 Rxd4 26.
Nc5 Kf7 27. Nxd3 Rxd3 28. Red1 Red8 29. Rxd3 Rxd3 30. a4 Rb3 31. b5 axb5 32.
axb5 Rxb5 33. g3 Kf6 34. h4 Rb6 35. Kg2 h6 36. Re1 Rb2 37. Kf1 g5 38. hxg5+
hxg5 39. Re2 Rxe2 40. Kxe2 f4 41. gxf4 gxf4 42. Kf1 Kf5 43. Ke2 Kg5 44. Kf1 Kg4
45. Kg2 Kh4 46. Kg1 Kh3 47. Kh1 e3 48. fxe3 fxe3 49. Kg1 Kg3  0-1

[Event "11. OSEM 2017"]
[Site "Büsum"]
[Date "2017.09.11"]
[Round "4.59"]
[White "Möller, Bernd"]
[Black "Fleischer, Matthias"]
[Result "0-1"]
[BlackElo "1926"]
[BlackTeam "SV Einheit Schwerin"]
[WhiteElo "1717"]
[WhiteTeam "SV Bad Schwartau"]

1. d4 Nf6 2. c4 g6 3. Nc3 Bg7 4. e3 d5 5. Nf3 Bg4 6. c5 c6 7. Be2 Nbd7 8. O-O
 O-O  9. a3 a5 10. Nd2 Bxe2 11. Qxe2 e5 12. a4 Re8 13. Qd1 Qc7 14. g3
Nh5 15. Nf3 f5 16. Ne2 exd4 17. Bd2 dxe3 18. Bxe3 Bxb2 19. Rb1 Bg7 20. Nf4 Nxf4
21. Bxf4 Be5 22. Nd4 Bxf4  0-1

[Event "11. OSEM 2017"]
[Site "Büsum"]
[Date "2017.09.11"]
[Round "4.60"]
[White "Lehr, Thomas"]
[Black "Schmieder, Wolfgang Ernst"]
[Result "1/2-1/2"]
[BlackElo "1800"]
[BlackTeam "Kasseler SK"]
[WhiteElo "1922"]
[WhiteTeam "Husumer SV"]

1. e4 b6 2. d4 g6 3. Be3 Bb7 4. Nc3 Bg7 5. Qd2 h5 6. f3 e6 7. Nge2 Nc6 8. Nc1 a5
9. Nb5 Na7 10. Nxa7 Rxa7 11. Bd3 Qh4+ 12. Bf2 Qe7 13. Ne2 Bh6 14. Qc3 Qb4 15.
O-O Ba6 16. Bxa6 Qxc3 17. Nxc3 Rxa6 18. Nb5 Kd8 19. Rad1 Bg7 20. Bg3 d6 21. c4
h4 22. Bf4 Bh6 23. Bxh6 Nxh6 24. c5 bxc5 25. dxc5 Kd7 26. Rd2 Rc6 27. cxd6 cxd6
28. Rfd1 Ke7 29. Nxd6 Rb8 30. b3 Rc7 31. Rd3 Ng8 32. e5 Kf8 33. Nc4 a4 34. Rd8+
Rxd8 35. Rxd8+ Kg7 36. Rd4 g5 37. bxa4 Kg6 38. g4 Ne7 39. a5 Nd5 40. Nb6 Rc1+
41. Kf2 Rc2+ 42. Ke1 Rxa2 43. Nxd5 exd5 44. Rxd5 Rxh2 45. a6 Ra2 46. Rd6+ Kg7
47. Kf1 Kf8 48. Rf6 Kg7 49. Rf5 Kg6 50. Rf6+ Kg7 51. Kg1 Re2 52. Rf5 Kg6 53.
Kf1 Ra2 54. Rf6+ Kg7 55. Rb6 Ra1+ 56. Kg2 Ra2+ 57. Kg1 Ra1+ 58. Kg2 Ra2+ 59.
Kg1  1/2-1/2

[Event "11. OSEM 2017"]
[Site "Büsum"]
[Date "2017.09.11"]
[Round "4.61"]
[White "Ludwig, Richard"]
[Black "Blosze, Winfried"]
[Result "0-1"]
[BlackElo "1871"]
[BlackTeam "SV Großauheim"]
[WhiteElo "1662"]
[WhiteTeam "SV Irxleben"]

1. e4 e5 2. Bc4 Bc5 3. Nf3 d6 4. c3 Bg4 5. d3 h6 6. O-O  Nf6 7. Re1 O-O 
8. Be3 Nbd7 9. Nbd2 c6 10. Bxc5 Nxc5 11. h3 Bh5 12. Nf1 d5 13. exd5 cxd5 14.
Bb3 Nxb3 15. axb3 e4 16. dxe4 dxe4 17. Qxd8 Raxd8 18. Nd4 a6 19. Ne3 Bg6 20.
Rad1 Nd5 21. Nec2 Nf4 22. Ne3 Nd3 23. Re2 Bh5 24. g4 Bg6 25. Red2 Rfe8 26. b4
Rd6 27. Rf1 Red8 28. Nc4 Rf8 29. Ne3 Ne5 30. Rfd1 Re6 31. Kf1 Nd3 32. Kg1 Ra8
33. Nc4 Rf6 34. Ne3 h5 35. g5 Rd6 36. h4 Rf8 37. Nc4 Rdd8 38. Ne3 Rde8 39. Rf1
f6 40. f4 exf3 41. Rxf3 Ne5 42. Rf1 fxg5 43. Rxf8+ Rxf8 44. hxg5 Be4 45. Re2
Nf3+ 46. Nxf3 Rxf3 47. Nf1 Bc6 48. Rf2 Kh7 49. Rxf3 Bxf3 50. Nd2 Bc6 51. Nc4
Kg6 52. Ne5+ Kxg5 53. c4 Kf5 54. Nd3 g5 55. Nc5 h4 56. b5 axb5 57. cxb5 Bf3 58.
b6 h3 59. Nd3 g4 60. Kh2 Ke4 61. Nf2+ Ke3 62. Kg3 Kd4 63. Nxh3 Kc5 64. Nf2 Kxb6
65. Nxg4 Bxg4 66. Kxg4 Kc5 67. Kf3 Kc4 68. b4 Kxb4 69. Ke2 Kc3 70. Kd1 Kb2 71.
Kd2 b5 72. Kd1 b4 73. Kd2 b3  0-1

[Event "11. OSEM 2017"]
[Site "Büsum"]
[Date "2017.09.11"]
[Round "4.62"]
[White "Hadlich, Winfried"]
[Black "Riha, Peter"]
[Result "1/2-1/2"]
[BlackElo "1736"]
[BlackTeam "Schleswiger SV"]
[WhiteElo "1869"]
[WhiteTeam "SV Holstein Quickborn"]

1. c4 e5 2. Nc3 Nf6 3. d3 d5 4. cxd5 Nxd5 5. Nf3 Nc6 6. g3 Be7 7. Bg2 Nb6 8. Bd2
O-O  9. O-O  Bg4 10. Rc1 Qd7 11. Re1 Rfe8 12. Ne4 Rab8 13. Rxc6 Qxc6
14. Nxe5 Qe6 15. Nxg4 Qxg4 16. Qb3 c6 17. Bf4 Rbc8 18. Nc3 Qd7 19. Be3 Bd8 
1/2-1/2

[Event "11. OSEM 2017"]
[Site "Büsum"]
[Date "2017.09.11"]
[Round "4.63"]
[White "Klüver, Horst"]
[Black "Cordsen, Heinrich"]
[Result "1/2-1/2"]
[BlackElo "1722"]
[BlackTeam "SK Union Oldenburg"]
[WhiteElo "1867"]
[WhiteTeam "Itzehoer SV"]

1. e4 e6 2. d4 d5 3. exd5 exd5 4. Nf3 Bd6 5. Nc3 c6 6. Be2 Bf5 7. O-O  Qc7
8. Re1 Ne7 9. h3 Nd7 10. Bd3 Bxd3 11. Qxd3 O-O-O 12. Bd2 h6 13. a4 Rde8 14.
Reb1 Bb4 15. Be3 a5 16. Na2 Bd6 17. c4 Bf4 18. Bd2 dxc4 19. Qxc4 Nd5 20. b4
Bxd2 21. Nxd2 N7b6 22. Qc2 axb4 23. Nxb4 Nxb4 24. Rxb4 Nd5 25. Rbb1 Nf4 26.
Qf5+ Kb8 27. Nf3  1/2-1/2

[Event "11. OSEM 2017"]
[Site "Büsum"]
[Date "2017.09.11"]
[Round "4.64"]
[White "Alicke, Manfred"]
[Black "Chmielewski, Axel"]
[Result "0-1"]
[BlackElo "1860"]
[BlackTeam "Volksdorfer SK"]
[WhiteElo "1646"]
[WhiteTeam "SV Grevenbroich"]

1. e4 e6 2. d4 d5 3. e5 c5 4. c3 Nc6 5. Nf3 Qb6 6. Qb3 f6 7. Qxb6 axb6 8. Bd3
fxe5 9. dxe5 Nge7 10. O-O  Nf5 11. g4 Nh6 12. h3 Nf7 13. Bf4 Be7 14. b3 Bd7
15. Re1 O-O-O 16. Kg2 g5 17. Bd2 Rdf8 18. Bb5 h5 19. a4 hxg4 20. hxg4 Bd8 21.
Na3 Rfg8 22. Rh1 Ncxe5 23. Nxe5 Nxe5 24. Bxd7+ Kxd7 25. f3 Rf8 26. Rxh8 Rxh8
27. Re1 Nd3 28. Rf1 e5 29. Rh1 Rxh1 30. Kxh1 e4 31. Kg2 exf3+ 32. Kxf3 Ne5+ 33.
Kg3 Bc7 34. Nb5 Bd8 35. Na3 Bf6 36. Nc2 Nc6 37. Ne3 d4 38. Nd5 Be5+ 39. Kf3
dxc3 40. Nxc3 Nd4+ 41. Ke4 Nxb3 42. Kxe5 Nxd2 43. Kf6 Nf3 44. Nd5 Kc6 45. Nc3
c4 46. Kf5 Kc5 47. Ke4 Nh4 48. Ke5 Kb4 49. Nd5+ Kxa4 50. Nxb6+ Kb3 51. Kd4 Nf3+
52. Ke4 c3 53. Kxf3 c2  0-1

[Event "11. OSEM 2017"]
[Site "Büsum"]
[Date "2017.09.11"]
[Round "4.65"]
[White "Strohbusch, Frank, Dr."]
[Black "Schröder, Harm"]
[Result "1-0"]
[BlackElo "1696"]
[BlackTeam "SK Union Oldenburg"]
[WhiteElo "1860"]
[WhiteTeam "SK Freising"]

1. e4 e5 2. Nf3 Nc6 3. Bc4 Bc5 4. c3 Nf6 5. d3 d6 6. Bb3 Bg4 7. h3 Bh5 8. Nbd2
a6 9. Nf1 h6 10. g4 Bg6 11. Ng3 Qd7 12. Nh4 O-O-O 13. Bc2 d5 14. Qe2 d4 15. c4
Bb4+ 16. Bd2 Bxd2+ 17. Qxd2 Qd6 18. a3 Ne7 19. Ng2 Nh7 20. h4 f6 21. h5 Bf7 22.
Nf5 Nxf5 23. gxf5 Ng5 24. O-O-O Qc6 25. Qb4 b5 26. cxb5 Qxb5 27. Qxb5 axb5 28.
b4 Kb7 29. Kb2 Kb6 30. Bb3 Bxb3 31. Kxb3 c5 32. bxc5+ Kxc5 33. Rc1+ Kb6 34. Rc2
Rc8 35. Rhc1 Rxc2 36. Rxc2 Nf3 37. Kb4 Ra8 38. Kb3 Ng5 39. Ne1 Nf7 40. Ng2 Nd6
41. f4 Nb7 42. Kb2 Nc5 43. Rd2 Na4+ 44. Kb3 Nc3 45. fxe5 fxe5 46. Ne1 Rxa3+ 47.
Kxa3 Nb1+ 48. Kb4 Nxd2 49. Nc2 Nf1 50. Na3 Ng3 51. Nxb5 Kc6 52. Na7+ Kd7 53.
Kc5 Nxh5 54. Nc6 Nf4 55. Nxe5+ Ke7 56. Kxd4 Kf6 57. Nf3 Ng2 58. Kc5 h5 59. d4
h4 60. d5 h3 61. d6 Ne1 62. Nh2 Nd3+ 63. Kc6 Ne5+ 64. Kc7 g6 65. fxg6 Nxg6 66.
Ng4+ Ke6 67. d7  1-0

[Event "11. OSEM 2017"]
[Site "Büsum"]
[Date "2017.09.11"]
[Round "4.66"]
[White "Kühnen, Gerhard"]
[Black "Wölfert, Jürgen"]
[Result "0-1"]
[BlackElo "1860"]
[BlackTeam "BSC Rehberge"]
[WhiteElo "1639"]
[WhiteTeam "Flensburger SK"]

1. d4 Nf6 2. e3 d6 3. Bd3 g6 4. h3 Bg7 5. c3 O-O  6. f4 c5 7. Nd2 Nc6 8.
Ngf3 a6 9. b3 Nd5 10. Nb1 cxd4 11. exd4 e5 12. fxe5 dxe5 13. O-O  exd4 14.
cxd4 Nxd4 15. Bxg6 Nxf3+ 16. Rxf3 hxg6 17. Rd3 Qb6+ 18. Kh1 Be6  0-1

[Event "11. OSEM 2017"]
[Site "Büsum"]
[Date "2017.09.11"]
[Round "4.67"]
[White "Alvarez, Luis"]
[Black "Narr, Irmgard"]
[Result "1-0"]
[BlackElo "1685"]
[BlackTeam "SC Mühlhof-Reichelsdorf"]
[WhiteElo "1849"]
[WhiteTeam "Zug um Zug Everswinkel"]

1. e4 e6 2. d4 Nf6 3. Bd3 Be7 4. e5 Nd5 5. a3 Nc6 6. Nf3 a6 7. c4 Nb6 8. Nc3 h6
9. Be3 d5 10. cxd5 Nxd5 11. Nxd5 Qxd5 12. Rc1 O-O  13. O-O  Qd7 14. Bb1
f5 15. exf6 Bxf6 16. Qc2 Qd6 17. Qh7+ Kf7 18. Bxh6 Rg8 19. Qg6+ Ke7 20. Rfe1
Bd7 21. Bg5 Raf8 22. Rcd1 Bxg5 23. Qxg5+ Rf6 24. d5 Nd8 25. dxe6 Nxe6 26. Rxd6
Kxd6 27. Qd2+ Ke7 28. Ba2 Rgf8 29. Ne5 Bc8 30. Qb4+ Ke8 31. f3 Rh8 32. Bxe6
Bxe6 33. Ng4 Rg6 34. Qe4 Kf7 35. Ne5+  1-0

[Event "11. OSEM 2017"]
[Site "Büsum"]
[Date "2017.09.11"]
[Round "4.68"]
[White "Lachat, Martin"]
[Black "Mewes, Hans-Dieter"]
[Result "0-1"]
[BlackElo "1845"]
[BlackTeam "VHS Heide"]
[WhiteElo "1636"]
[WhiteTeam "ASK Réti Zürich"]

1. c4 c5 2. Nc3 Nc6 3. Nf3 Nf6 4. g3 d6 5. Bg2 g6 6. O-O  Bg7 7. d4 cxd4 8.
Nxd4 Bd7 9. Nxc6 Bxc6 10. Qc2 O-O  11. b3 Bxg2 12. Kxg2 Rc8 13. Bb2 Qd7 14.
Rad1 Qc6+ 15. Kg1 a6 16. Nd5 Nxd5 17. Bxg7 Kxg7 18. Rxd5 Qxd5  0-1

[Event "11. OSEM 2017"]
[Site "Büsum"]
[Date "2017.09.11"]
[Round "4.69"]
[White "Schütt, Günter"]
[Black "Botvinnik, Alexey"]
[Result "0-1"]
[BlackElo "1836"]
[BlackTeam "SG Porz"]
[WhiteElo "1573"]
[WhiteTeam "SV Strand"]

1. c4 e5 2. Nc3 Nc6 3. Nf3 Nf6 4. d4 exd4 5. Nxd4 Bb4 6. Nxc6 Bxc3+ 7. bxc3 dxc6
8. Qxd8+ Kxd8 9. f3 c5 10. e4 h6 11. Bf4 Nh5 12. Rd1+ Bd7 13. Be3 b6 14. g4 Nf6
15. h4 Kc8 16. e5 Nh7 17. Bd3 Bc6 18. Kf2 Kb7 19. Rhg1 Rae8 20. f4 g5 21. hxg5
hxg5 22. Bf5 gxf4 23. Bxf4 Nf8 24. Kg3 Ne6 25. Be3 Rhg8 26. Rd2 Ng5 27. Bxg5
Rxg5 28. Kf4 Rgg8 29. Bd7 Re7 30. Bxc6+ Kxc6 31. Rh1 Rg6 32. Rh7 Rge6 33. Rd5
Kb7 34. Kf5 c6 35. Rxf7 cxd5 36. Rxe7+ Rxe7 37. cxd5 Rg7 38. d6 Kc6 39. g5 Kd7
40. Kf6 Rg8 41. g6 Rf8+ 42. Kg7 Rf3 43. Kg8 Rf5 44. g7 Rxe5 45. Kf7 Rf5+ 46.
Kg6 Rf1 47. g8=Q Rg1+ 48. Kf7 Rxg8 49. Kxg8 b5 50. Kf7 b4 51. cxb4 c4  0-1

[Event "11. OSEM 2017"]
[Site "Büsum"]
[Date "2017.09.11"]
[Round "4.70"]
[White "Pantel, Heinrich"]
[Black "Hilbig, Klaus"]
[Result "1-0"]
[BlackElo "1646"]
[BlackTeam "Ahrensburger TSV"]
[WhiteElo "1834"]
[WhiteTeam "SK Kaltenkirchen"]

1. Nf3 Nf6 2. d4 d5 3. Bg5 h6 4. Bh4 e6 5. e3 c5 6. Bb5+ Bd7 7. Bxf6 Qxf6 8.
Bxd7+ Nxd7 9. O-O  Bd6 10. c3 O-O  11. Nbd2 b5 12. Nb3 a5 13. dxc5 Nxc5
14. Nxc5 Bxc5 15. Qe2 Rab8 16. Nd4 b4 17. Qd3 bxc3 18. bxc3 Rb6 19. Rab1 Rfb8
20. Rxb6 Rxb6 21. Rb1 Rxb1+ 22. Qxb1 e5 23. Nf3 e4 24. Nd4 Bd6 25. g3 Bc7 26.
Qb5 Qd6 27. Qe8+ Qf8 28. Qd7 Qd8 29. Qc6 Kh7 30. Qb7 h5 31. h4 Kg8 32. Nc6 Qd7
33. Qa8+ Kh7 34. Qa6 Qd6 35. Qb5 Qd7 36. Qc5 a4 37. Nb4 Bd8 38. Qxd5 Qxd5 39.
Nxd5 g5 40. hxg5 Bxg5 41. Kg2 Kg6 42. f3 Kf5 43. c4 exf3+ 44. Kxf3 Ke5 45. Nc3
a3 46. Ke2 f5 47. Kd3 Bh6 48. Nd5 Kd6 49. Nf4 h4 50. gxh4 Kc5 51. Nd5 Kd6 52.
Nc3 Ke5 53. Ne2 Bf8 54. Nf4 Kd6 55. h5 Bg7 56. Nd5 Bh6 57. Nc3 Kc6 58. Nb5 Bf8
59. Nd4+ Kb6 60. Nxf5  1-0

[Event "11. OSEM 2017"]
[Site "Büsum"]
[Date "2017.09.11"]
[Round "4.71"]
[White "Walther, Renate"]
[Black "Reichwald, Klaus"]
[Result "0-1"]
[BlackElo "1834"]
[BlackTeam "SC Lohhof"]
[WhiteElo "1173"]
[WhiteTeam "SK Herzogenaurach"]

1. e4 d6 2. d4 Nf6 3. Nc3 g6 4. f4 Bg7 5. Bd3 O-O  6. h3 Nc6 7. Nf3 Nh5 8.
Ne2 e5 9. dxe5 dxe5 10. Be3 exf4 11. Bxf4 Nxf4 12. Nxf4 Bxb2 13. Rb1 Bc3+ 14.
Kf1 Nb4 15. a3 Nxd3 16. cxd3 Ba5 17. Rb5 c6 18. Rc5 Bb6 19. Rc4 Qf6 20. g3 Be6
21. Nxe6 fxe6 22. Kg2 Qb2+ 23. Rc2 Qxa3 24. Rf1 Rad8 25. d4 Rd7 26. Rd2 Rdf7
27. Rdf2 Rd8 28. Rd2 Rfd7 29. Qc2 Qd6 30. Rfd1 Rg7 31. Re2 g5 32. e5 Qd5 33.
Qd3 g4 34. hxg4 Rxg4 35. Kf2 Rd7 36. Rh1 Bxd4+ 37. Kg2 Rdg7 38. Kf1 c5 39. Rh4
Rxg3 40. Reh2 Rxf3+ 41. Ke2 Rxd3 42. Kxd3 Bxe5+  0-1

[Event "11. OSEM 2017"]
[Site "Büsum"]
[Date "2017.09.11"]
[Round "4.72"]
[White "Jünger, Leonhard"]
[Black "Gottschalk, Jürgen"]
[Result "1-0"]
[BlackElo "1639"]
[BlackTeam "SV Parchim"]
[WhiteElo "1833"]
[WhiteTeam "Aachener SV"]

1. e4 e5 2. Nf3 d6 3. d4 exd4 4. Nxd4 Nf6 5. Nc3 a6 6. a4 Be7 7. Bc4 O-O  8.
O-O  Bg4 9. f3 Be6 10. Bxe6 fxe6  1-0

[Event "11. OSEM 2017"]
[Site "Büsum"]
[Date "2017.09.11"]
[Round "4.73"]
[White "Potschka, Dieter"]
[Black "Bierwald, Martin"]
[Result "1-0"]
[BlackElo "1637"]
[BlackTeam "Königsspr. SC"]
[WhiteElo "1829"]
[WhiteTeam "VfL Geesthacht"]

1. c4 e5 2. Nc3 Nc6 3. d3 Bc5 4. Nf3 a6 5. a3 Ba7 6. g3 d6 7. Bg2 f5 8. b4 Nf6
9. e3 O-O  10. O-O  Rb8 11. Nd5 Nxd5 12. cxd5 Ne7 13. e4 Ng6 14. Bg5
Qe8 15. Qc2 c6 16. Rac1 cxd5 17. exd5 Qd7 18. Be3 Bxe3 19. fxe3 Qd8 20. Qc7
Qxc7 21. Rxc7 h6 22. Rfc1 f4 23. exf4 exf4 24. Nd4 fxg3 25. hxg3 Ne5 26. Be4
Bg4 27. Ne6 Bxe6 28. dxe6 Rfe8 29. d4 Nc6 30. Bg6 Nxd4 31. Bxe8 Ne2+ 32. Kg2
Nxc1 33. Bf7+ Kf8 34. Rxc1 Rd8 35. Rc7 Rb8 36. Bg6  1-0

[Event "11. OSEM 2017"]
[Site "Büsum"]
[Date "2017.09.11"]
[Round "4.74"]
[White "Wulf, Adalbert"]
[Black "Rudolph, Karl-Heinz, Dr."]
[Result "0-1"]
[BlackElo "1577"]
[BlackTeam "SV Irxleben"]
[WhiteElo "1823"]
[WhiteTeam "SV Ennigerloh-Oelde"]

1. g3 c5 2. Bg2 Nc6 3. d3 d5 4. Nd2 Nf6 5. Ngf3 e6 6. O-O  Be7 7. e3 O-O
 8. b3 h6 9. Bb2 Re8 10. d4 Qc7 11. a3 Bd7 12. Qe2 a6 13. Rfc1 b5 14. c4
bxc4 15. bxc4 Qa7 16. dxc5 Qxc5 17. cxd5 Qxd5 18. Nd4 Nxd4 19. Bxd4 Qf5 20.
Bxa8 Rxa8 21. Qf3 Qxf3 22. Nxf3 Ne8 23. Ne5 Bb5 24. a4 Be2 25. Ra2 Bh5 26. g4
Bg6 27. f3 Bh7 28. Nc6 Bd6 29. h3 f6 30. Kf2 Kf8 31. Bc5 Rc8 32. Bxd6+ Nxd6 33.
e4 e5 34. Rac2 h5 35. Nb4 Ra8 36. Rc6 Nxe4+ 37. fxe4 Bxe4 38. Rc8+ Rxc8 39.
Rxc8+ Kf7 40. Rc7+ Kg6 41. gxh5+ Kxh5 42. Nxa6 Kh4 43. Rxg7 Kxh3 44. Rf7 f5 45.
Nc5 Bc2 46. a5 f4 47. a6 e4 48. Rxf4  0-1

[Event "11. OSEM 2017"]
[Site "Büsum"]
[Date "2017.09.11"]
[Round "4.75"]
[White "Nickel, Jürgen"]
[Black "Möller, Peter, Prof."]
[Result "1-0"]
[BlackElo "1672"]
[BlackTeam "ASV Wismar"]
[WhiteElo "1882"]
[WhiteTeam "Flensburger SK"]

1. d4 Nf6 2. e3 d5 3. f4 Bg4 4. Nf3 e6 5. c3 Nbd7 6. Nbd2 c6 7. Bd3 Bd6 8. O-O
 Qc7 9. h3 Bh5 10. g4 Bg6 11. Bb1 Bxb1 12. Rxb1 O-O  13. Ne5 c5 14. g5
Ne8 15. Qg4 Nb6 16. h4 Qe7 17. h5 f6 18. gxf6 Nxf6 19. Qh3 Qe8 20. h6 Bxe5 21.
fxe5 Qg6+ 22. Qg2 Qxg2+ 23. Kxg2 Nfd7 24. b3 gxh6 25. Ba3 Rxf1 26. Rxf1 cxd4
27. exd4 Rc8 28. Rf3 Re8 29. Nf1 Nf8 30. Rg3+ Ng6 31. Bc1 Nc8 32. Bxh6 Ne7 33.
Ne3 Kf7 34. Bg5 Ng8 35. Ng4 Kg7 36. Bf6+ Nxf6 37. Nxf6 Re7 38. Kf3 Rf7 39. Ke3
Rc7 40. Ne8+  1-0

[Event "11. OSEM 2017"]
[Site "Büsum"]
[Date "2017.09.11"]
[Round "4.76"]
[White "Stratmann, Dietrich, Dr."]
[Black "Fritsch, Jürgen, Dr."]
[Result "0-1"]
[BlackElo "1831"]
[BlackTeam "HSK LTu"]
[WhiteElo "1682"]
[WhiteTeam "SC Northeim"]

1. e4 e5 2. Nf3 Nc6 3. Nc3 g6 4. Be2 Bg7 5. d3 Nce7 6. h4 d6 7. Be3 f5 8. Nd5 f4
9. Bd2 Nxd5 10. exd5 Ne7 11. c4 Nf5 12. Bc3 Bf6 13. h5 g5 14. Nh2 Nh6 15. Ng4
Nxg4 16. Bxg4 O-O  17. f3 Bxg4 18. fxg4 h6 19. Qf3 Qd7 20. O-O  Bg7 21.
Rae1 b5 22. a3 a5 23. Re4 Rab8 24. b4 axb4 25. Bxb4 c5 26. dxc6 Qxc6 27. Rd1
Rfd8 28. Kh2 d5 29. cxd5 Qxd5 30. Ree1 Qd7 31. Re4 Rbc8 32. Kg1 Rc2 33. Re2
Rdc8 34. Rxc2 Rxc2 35. Qa8+ Kf7 36. Qe4 Qd4+ 37. Qxd4 exd4 38. Rd2 Rc1+ 39. Kf2
Bf8 40. Bxf8 Kxf8 41. Rb2 Rc3 42. Rxb5 Rxd3 43. Rb8+ Ke7 44. a4 Ra3 45. Rb4 d3
46. Rd4 Ke6 47. a5 Ke5 48. Rd8 Ke4 49. Re8+ Kd4 50. Rd8+ Kc3 51. Rc8+ Kd2 52.
Rc5 Kd1 53. g3 fxg3+ 54. Kxg3 d2+ 55. Kf2 Ra4 56. Rc6 Rxa5 57. Rxh6 Rc5 58. Rd6
Kc2 59. h6 d1=Q 60. Rxd1 Kxd1  0-1

[Event "11. OSEM 2017"]
[Site "Büsum"]
[Date "2017.09.11"]
[Round "4.77"]
[White "Graffenberger, Wilhelm"]
[Black "Welsch, Dieter Sen."]
[Result "0-1"]
[BlackElo "1823"]
[BlackTeam "SC Cochem"]
[WhiteElo "1651"]
[WhiteTeam "Hamburger SK"]

1. d4 d5 2. Nf3 Nf6 3. e3 Bg4 4. Bd3 e6 5. Nbd2 Bd6 6. O-O  Nbd7 7. Qe1 O-O
 8. b3 c5 9. c3 Rc8 10. Bb2 a6 11. e4 dxe4 12. Nxe4 Bb8 13. Nxf6+ Nxf6 14.
Ne5 Qd6 15. f4 cxd4 16. cxd4 Ba7 17. Bxh7+ Nxh7 18. Nxg4 Bxd4+ 19. Bxd4 Qxd4+
20. Qf2 Rfd8 21. Qxd4 Rxd4 22. Ne5 f6 23. Nc4 b5 24. Ne3 Re4 25. Rfe1 Nf8 26.
f5 Kf7 27. fxe6+ Nxe6 28. Nf5 Rxe1+ 29. Rxe1 Rc2 30. a4 b4 31. Re4 a5 32. Nd6+
Ke7 33. Nb7 Kd7 34. Nxa5 Rc5 35. Nc4 Rc6 36. a5 Nc5 37. Nb6+ Rxb6 38. Rd4+ Rd6
39. Rxb4 Rd3 40. a6 Nxa6 41. Rb7+ Nc7 42. b4 Kc6 43. Rb8 Rb3 44. Rg8 g5 45. Rf8
Nd5 46. Rc8+ Kd7 47. Rc4 Nxb4 48. Rd4+ Ke6 49. Kf2 Nd3+ 50. Ke2 Nf4+ 51. Kf2
Rb2+ 52. Kf3 Nxg2 53. Re4+ Kf5 54. Re2 Nh4+ 55. Kf2 Rxe2+ 56. Kxe2 Ke4 57. h3
f5 58. Kf2 Kf4 59. Kg1 Kg3  0-1

[Event "11. OSEM 2017"]
[Site "Büsum"]
[Date "2017.09.11"]
[Round "4.78"]
[White "Girod, Gudrun"]
[Black "Krneta, Slavko"]
[Result "1/2-1/2"]
[BlackElo "1810"]
[BlackTeam "FG Wohlde"]
[WhiteElo "1546"]
[WhiteTeam "Hannover 96"]

1. d4 Nf6 2. Bf4 g6 3. h3 Bg7 4. e3 O-O  5. Nf3 d6 6. Be2 Bd7 7. O-O 
Qc8 8. Nbd2 Bxh3 9. gxh3 Qxh3 10. Nh2 Qd7 11. Bf3 Qb5 12. b3 e5 13. a4 Qa6 14.
dxe5 Nfd7 15. Rb1 dxe5 16. Bg3 c6 17. Be2 Qb6 18. Ne4 Qc7 19. Qd6 Na6 20. Rfd1
Rad8 21. Qxc7 Nxc7  1/2-1/2

[Event "11. OSEM 2017"]
[Site "Büsum"]
[Date "2017.09.11"]
[Round "4.79"]
[White "Klose, Hans-Peter"]
[Black "Jung, Michael, Prof."]
[Result "0-1"]
[BlackElo "1794"]
[BlackTeam "SV Osnabrück"]
[WhiteElo "1537"]
[WhiteTeam "ESV Göttingen"]

1. c4 e6 2. g3 d5 3. cxd5 exd5 4. Bg2 Nf6 5. e3 c6 6. Ne2 Bc5 7. O-O  O-O
 8. b3 Bf5 9. d4 Bb6 10. Ba3 Re8 11. Nbc3 Nbd7 12. Rc1 Bc7 13. Na4 h6 14.
Nc5 Nxc5 15. dxc5 Qd7 16. Bb2 Ne4 17. Bxe4 Rxe4 18. Re1 Bg4 19. Qd2 Bf3 20. Nd4
Bh5 21. f3 Re7 22. Qg2 Rae8 23. g4 Bg6 24. Nf5 Bxf5 25. gxf5 Be5 26. Bxe5 Rxe5
27. e4 Qe6 28. Kf1 dxe4 29. Rxe4 Rxe4 30. fxe4 Qxe4 31. Qxe4 Rxe4 32. Rc2 Re5
33. Rf2 Rxc5 34. h4 f6 35. Kg1 Kf8 36. h5 Rd5 37. Kh2 Rd4 38. Kg3 Ke7 39. Re2+
Kd7 40. Rf2 Kd6 41. Rf4 Kd5 42. Rg4 Rxg4+ 43. Kxg4 Ke4 44. a3  0-1